000
00281nam a22001217a 4500
008
170904b xxu||||| |||| 00| 0 eng d
041
_a
eng
080
_a
070
100
_a
40
101
_a
MED
245
_a
ZONE SYSTEM FOR FINE PHOTOGRAPHY
_c
SCHAEFER.J.P
942
_2
udc
_c
BK
999
_c
26077
_d
26077